| 000 | 00659nam a2200193Ia 4500 | ||
|---|---|---|---|
| 003 | GCL | ||
| 005 | 20240530104129.0 | ||
| 008 | 140319s9999 xx 000 0 ara d | ||
| 040 |
_aGCL / _cGCL |
||
| 082 | 0 | 4 |
_a172.1 _bك ا |
| 100 | 1 | _aكانط , امانويل | |
| 245 | 1 | 0 |
_aاسس ميتافيزيقا الاخلاق / _cكانط , امانويل ؛ ترجمه وقدم له : محمد فتحى الشنيطى |
| 300 |
_a200 ص؛ _c24 سم |
||
| 650 | 0 | 4 | _aالاخلاق |
| 650 | 0 | 4 | _aالفلسفة الحديثة |
| 650 | 0 | 4 | _aالقيم الاخلاقية |
| 700 | 1 |
_aمحمد فتحى الشنيطى _eترجمة وتقديم |
|
| 942 |
_2ddc _cBK |
||
| 999 |
_c44824 _d44824 |
||